Por una ética sin teología: Habermas como filósofo de la religión

Zapisane w:
Opis bibliograficzny
1. autor: Estrada, Juan Antonio (Autor)
Format: Książka
Język:hiszpański
Wydane: Madrid Trotta 2004
Seria:Filosofía
Hasła przedmiotowe:
Etykiety: Dodaj etykietę
Nie ma etykietki, Dołącz pierwszą etykiete!

MARC

LEADER 00000nam a2200000 a 4500
001 UCH0714
003 CL-VaPUC
008 090320e20040000SP |||||||||||||||||spa|d
020 |a 8481647098 
082 0 4 |a 211.4  |b EST  |2 21 
100 0 |a Estrada, Juan Antonio  |e author  |9 534988 
245 1 0 |a Por una ética sin teología: Habermas como filósofo de la religión 
300 |a 235 p 
942 |c BK 
945 |d 20090320 00:00:00  |a dcastane 
260 |a Madrid  |b Trotta  |c 2004 
600 0 7 |a HABERMAS, JURGEN  |2 CL-VaPUC  |9 334312 
650 0 |a Racionalismo  |9 259116 
650 0 |a Filosofía de la religión   |9 256017 
583 |a last modification  |c 20190814 09:43:04  |k Rodrigo Vera 
490 0 |a Filosofía 
999 |c 332967  |d 332965 
952 |0 0  |1 0  |4 0  |6 211_400000000000000_EST_2004  |7 0  |8 A  |9 421045  |a BIBEDU  |b BIBEDU  |d 2019-11-22  |i 4523164  |o 211.4 EST 2004  |p 4523164  |r 2019-11-22  |w 2019-11-22  |y BK  |k FIL